000 00867nam a2200241Ia 4500
005 20240530102557.0
008 140319s1911 xx 000 0 ara d
040 _aGCL /
_cGCL
082 0 4 _a920 /
_bص ن
100 1 _aالصفدى ,صلاح الدين خليل
245 1 0 _aنكت الهميان فى نكت العميان /
_cتاليف الصفدى ,صلاح الدين خليل
260 _aالقاهرة :
_bالمطبعة الجمالية ،
_c1911
300 _a320 ص،
_b24 سم
611 _aالمؤتمر الدولى الرابع لتحسين حالة العميان
650 0 4 _aالشعر العربى
650 0 4 _aالادب العربى
650 0 4 _aالادب
650 0 4 _aالادباء
650 0 4 _aالمجموعات
700 1 _aاحمد زكى
942 _2ddc
_cBK
999 _c33148
_d33148